Normale Ansicht MARC-Ansicht ISBD

Pervyj S"ezd Narodnych Deputatov SSSR (Titelsatznr. 27390)

[ MARC ]
MARC-Details
000 -Satzkennung
Kontrollfeld mit fester Länge 00592nam a22001931cc4500
001 - Kontrollnummer
Kontrollfeld a987687947+Tom1
035 ## - Systemkontrollnummer
System-Kontrollnummer a987687947
008 - Feld mit fester Länge zur physischen Beschreibung - Allgemeine Angaben
Kontrollfeld mit fester Länge 991231s1989 gw |||| 000u rus d
020 ## - Internationale Standardbuchnummer
Internationale Standardbuchnummer 5206000817
Verknüpfung 5-206-00081-7
041 ## - Sprachcode
Sprachcode des Textes/der Tonspur oder des separaten Titels rus
040 ## - Katalogisierungsquelle
Übertragungsstelle RU-10907106
003 - Kontrollnummer Identifier
Kontrollfeld RU-10907106
245 00 - Titel
Titel Pervyj S"ezd Narodnych Deputatov SSSR
Zählung des Teils/der Abteilung eines Werkes Tom 1
264 ## - Produktion, Veröffentlichung, Distribution, Herstellung und Urheberrechtsvermerk
Herstellungs-, Veröffentlichungs- Vertriebs-, Erzeugungsort Moskva :
Produzent, Herausgeber, Distributor, Hersteller izd. Verchovnogo Soveta SSSR,
Datum der Herstellung, der Veröffentlichung, des Vertriebs oder des Urheberschutzvermerks 1989
246 12 - Titelvarianten
Hauptsachtitel/Kurztitel Pervyj S"ezd Narodnych Deputatov SSSR : 25 maja - 9 ijunja 1989 g. ; stenografičeskij otčet
Zählung des Teils/der Abteilung eines Werkes Tom 1
300 ## - Physische Beschreibung
Umfang 573 S.
773 08 - Übergeordnete Einheit
Datensatzkontrollnummer a987687947
Zählung und erste Seite Tom1
942 ## - Zusätzliche Felder (Koha)
Koha-Medientyp Monographien
Exemplare
Ausgeschieden Verloren Klassifikation oder Aufstellungssystematik Beschädigt Nicht entleihbar Heimatbibliothek Aufenthaltsbibliothek Aufstellungsort Erwerbungsdatum Inventarnummer Signatur Barcode Letzte Aktivität Preis gültig von Koha-Medientyp
    Andere/Generische Klassifikation     MWN Osteuropa MWN Osteuropa Magazin - 2 22/03/2021 17-03381 R 65 ee SND 1 (1) E004015079030583 23/02/2021 22/03/2021 Monographien